01140nam a2200241 a 450000100100000000500170001000800410002704000250006824501460009326000410023930000270028050000680030750400380037570000300041370000320044370000280047570000330050304900090053695201200054595201050066595201110077099900170088100001438420200929163610.0091211s2003 dr a 001 0 spa d aDO-SdBNPbspacBNPHU00aDiagnóstico del origen del municipio de Juan de Herrera : /cRosa M. Ramírez, Margarita Alcantara, Francia Stephan, Venecia A. Ramírez. aSan Juan la Maguana :bLogos,c2003. a60 p. :bil. ;c21 cm. aIncluye datos biográficos de las autoras en la contracubierta aIncluye bibliografía [p. 64-67]1 aRamírez, Rosa M.9324871 aAlcantara, Margarita9324881 aStephan, Francia9324891 aRamírez, Venecia A.932490 aBNPD 001054708DSaGRbGRcCTd2009-12-11iLF1l0o p14384-30r2020-06-25te. 3w2020-06-25yLFDSZPréstamo en sala 0010718PDaPDbPDcCTd2009-12-11iLF1l0o p14384-10r2020-06-25w2020-06-25yLFPDZNo se presta 0010728PDaPDbPDcBDd2009-12-11iLF1l0o p14384-20r2020-06-25te. 2w2020-06-25yLFPDZNo se presta c13975d13975